000 00593nam a22001815i 4500
001 48658
003 ES-MaACL
005 20230906161808.0
007 t|
008 950727s1881 sp ||||1| spa d
040 _aCAM
_bspa
_cCAM
100 1 _aDíaz y González, Isidoro.
_944463
245 1 0 _aHernias
_b: desbridamiento, método subcutáneo y diversos procederes /
_cinventados y ejecutados por Isidoro Diaz y Gozález.
260 _aSevilla :
_b[s.n.],
_c1881 (
_fM. del Castillo y hermano)
300 _a53 p. ;
_c21 cm.
650 4 _aHernias.
_9136219
852 _aES-MaACL
_jT-360-F-25
999 _c48658
_d48658